| 000 | 01178naa a22003017a 4500 | ||
|---|---|---|---|
| 001 | BR8600753 | ||
| 003 | BR-BrBNA | ||
| 005 | 20240918175626.0 | ||
| 007 | ta | ||
| 008 | 230509b bl.||||| |||| 00| 0 por d | ||
| 040 |
_aBR-BrBNA _bpor _cBiblioteca Nacional de Agricultura |
||
| 041 | _a(Pt) | ||
| 072 |
_aQ03 _b9410 _bG514 |
||
| 090 | _aQ03 BR8600753 | ||
| 100 | 1 | _aMoraes, J.M. de | |
| 111 | 1 |
_aCongresso Brasileiro de Gado Leiteiro _cCampinas, SP (Brazil) _d7-11 Oct 1985 |
|
| 245 | 1 | _aConsideracoes sobre alguns padroes para avaliacao do leite cru e pasteurizado no Brasil | |
| 246 | 1 | _a[Considerations on some evaluation patterns for crude and pasteurized milk in Brazil] | |
| 246 | 1 | _a[Milk production: problems and solutions] | |
| 260 | 3 |
_aPiracicaba, SP (Brasil): _c1985. |
|
| 500 | _aProducao leiteira: problemas e solucoes Piracicaba, SP (Brasil): 1985. p. 139-143 (BR8600753-AM)Q03 | ||
| 650 | _aLEITE | ||
| 650 | _aHIGIENE DE ALIMENTO | ||
| 650 | _aCONTROLE DE QUALIDADE | ||
| 773 | 0 |
_tProducao leiteira: problemas e solucoes _wQ03 BR8600753 _gPiracicaba, SP (Brasil), 1985. p. 139-143 |
|
| 909 |
_a202404 _bLucia _c55 _dLucia Elande |
||
| 942 |
_cAM _2AGRIS |
||
| 999 |
_c317506 _d317506 |
||